000
00306nam a2200121Ia 4500
008
150201s2008 xx 000 0 und d
082
_a
618.92
_b
C08B
100
_a
BERGELSON,JEFFRERY M
245
_a
PEDIATRIC INFECTIOUS DIDEASES
260
_b
ELSEVIER
_a
DELHI
_c
2008
650
_a
PAEDIATRICS
942
_2
ddc
_c
BK
999
_c
962
_d
962